000 nam a22 a 4500
999 _c3367
_d3367
003 AKMAL
005 20170522122940.0
008 170522s1982 -us 00 eng d
020 _a0538116803
040 _aAKMAL
_cAKMAL
082 0 4 _a651.53 JOH
090 _a651.53
_bJOH
100 1 _aJohnson, Mina Marie,
_d1920-
_96817
245 1 _aRecords management /
_cMina M. Johnson, Norman F. Kallaus
250 _a3rd ed.
260 _aCincinnati :
_bSouth-Western Pub.,
_cc1982
300 _aviii, 405p., [2] leaves of plates :
_bill. (some col.) ;
_c24cm
504 _aIncludes bibliographical references
650 _aFiling systems
_96818
650 _aBusiness records
_95923
650 _aRecords
_xManagement
_95926
700 1 _aKallaus, Norman Francis,
_d1924-
_96819
942 _2ddc
_cBOOK